[Event "Aosta Open"]
[Site "Aosta"]
[Date "1990.??.??"]
[Round "8"]
[White "Flear, Glenn C"]
[Black "Garcia Palermo, Carlos H"]
[Result "1-0"]
[WhiteElo "2470"]
[BlackElo "2460"]
[PlyCount "119"]
[EventDate "1990.12.??"]
[Source "www.chesslib.no"]
[SourceDate "2004.05.04"]

1. d4 Nf6 2. c4 g6 3. Nc3 d5 4. Nf3 Bg7 5. Qb3 c6 6. cxd5 cxd5 7. Bg5 e6 8. e3 O-O 9. Bd3 Nc6 10. h3 b6 11. O-O Bb7 12. Rfc1 Qe7 13. Ne5 Rfc8 14. Nxc6 Rxc6 15. Rc2 h6 16. Bf4 Rcc8 17. Rac1 Ne8 18. Nb5 Rxc2 19. Rxc2 Bf8 20. Rc3 h5 21. a3 Qd8 22. Qc2 Ba6 23. Qa4 Bxb5 24. Bxb5 Nd6 25. Bc6 Rc8 26. Qxa7 Ne4 27. Rc2 g5 28. Be5 f6 29. Bh2 g4 30. hxg4 hxg4 31. Bf4 Bd6 32. Bxd6 Qxd6 33. Ba4 Rxc2 34. Bxc2 Ng5 35. Qb7 f5 36. Ba4 g3 37. f4 Ne4 38. Qc8+ Kg7 39. Bd7 Qe7 40. Bxe6 Nf6 41. b4 b5 42. Kh1 Ng4 43. Qd7 Qxd7 44. Bxd7 Nxe3 45. Bxb5 Kf6 46. a4 Ke7 47. a5 Kd8 48. Ba4 Kc7 49. Kg1 Kc8 50. Bc6 Kb8 51. b5 Kc7 52. Be8 Nc4 53. Bf7 Ne3 54. Be6 Kd6 55. b6 Kc6 56. Bc8 Nc2 57. b7 Kc7 58. a6 Kb8 59. Bxf5 Nb4 60. Be6 1-0

[Event "TCh-ISL 2004-5"]
[Site "?"]
[Date "2004.11.19"]
[Round "1"]
[White "Ehlvest Jaan"]
[Black "Einarsson Halldor"]
[Result "1/2-1/2"]
[WhiteElo "2631"]
[BlackElo "2295"]
[PlyCount "105"]
[EventDate "2004.??.??"]
[Source "www.chesslib.no"]
[SourceDate "2004.05.04"]

1. d4 Nf6 2. c4 g6 3. Nc3 d5 4. Nf3 Bg7 5. Qb3 dxc4 6. Qxc4 a6 7. Bf4 c6 8. Qb3 Nd5 9. Be5 O-O 10. Bxg7 Kxg7 11. e4 Nxc3 12. Qxc3 f6 13. h4 b5 14. h5 Bg4 15. hxg6 hxg6 16. Be2 Nd7 17. O-O-O Qb6 18. e5 Rh8 19. Qe3 c5 20. Qf4 Bxf3 21. Bxf3 Raf8 22. Rxh8 Rxh8 23. exf6+ Qxf6 24. Qxf6+ Kxf6 25. Bc6 Nb8 26. Bb7 c4 27. b3 cxb3 28. axb3 Rd8 29. Rd3 Rd6 30. Rf3+ Ke6 31. Rf8 Nd7 32. Ra8 Rxd4 33. Rxa6+ Kf7 34. Kc2 Nc5 35. Rb6 Nxb7 36. Rxb7 Rd5 37. f3 g5 38. g4 Kf6 39. Kc3 e5 40. Rb6+ Kf7 41. b4 Kg7 42. Rc6 Rd4 43. Rc5 Kf6 44. Rxb5 Rf4 45. Rb6+ Ke7 46. Kd3 Rxf3+ 47. Ke4 Rf4+ 48. Kxe5 Rxg4 49. Rb7+ Kd8 50. b5 Kc8 51. Rg7 Rg1 52. Kd6 Rc1 53. Rxg5 1/2-1/2

[Event "It (Open) Bar SCG"]
[Site "?"]
[Date "2006.03.23"]
[Round "6"]
[White "Arsovic Zoran"]
[Black "Antic Dejan"]
[Result "1-0"]
[WhiteElo "2417"]
[BlackElo "2505"]
[PlyCount "99"]
[EventDate "2006.??.??"]
[Source "www.chesslib.no"]
[SourceDate "2004.05.04"]

1. Nf3 d5 2. d4 c6 3. c4 Nf6 4. Qb3 g6 5. Nc3 Bg7 6. cxd5 cxd5 7. Bf4 O-O 8. e3 Nc6 9. h3 a6 10. Bd3 b5 11. O-O Bb7 12. a4 b4 13. a5 Ra7 14. Ne2 Ne4 15. Rfc1 Qd7 16. Rc2 e6 17. Rac1 Nd6 18. Bxd6 Qxd6 19. Qa4 Rc8 20. Ne5 Bxe5 21. dxe5 Qxe5 22. Nd4 Nxd4 23. Rxc8+ Bxc8 24. Rxc8+ Kg7 25. Qxb4 Nf3+ 26. gxf3 Qg5+ 27. Kf1 Re7 28. Qb8 e5 29. Rg8+ Kh6 30. Be2 Qf6 31. h4 Kh5 32. Rh8 Qg7 33. Re8 f6 34. Qc8 Rxe8 35. Qxe8 Kxh4 36. Qa4+ d4 37. exd4 Kg5 38. d5 Qb7 39. d6 Qxb2 40. d7 Qb8 41. Qd1 Qd8 42. Bxa6 f5 43. Qd2+ Kh5 44. Bb5 g5 45. a6 Kh4 46. Kg2 e4 47. fxe4 f4 48. Qd6 h5 49. Be2 g4 50. Qxf4 1-0

[Event "Laragne op"]
[Site "Larange"]
[Date "2000.??.??"]
[Round "5"]
[White "Legky, Nikolay A"]
[Black "Mrdja, Milan"]
[Result "1/2-1/2"]
[WhiteElo "2494"]
[BlackElo "2425"]
[PlyCount "81"]
[EventDate "2000.??.??"]
[Source "www.chesslib.no"]
[SourceDate "2004.05.04"]

1. d4 Nf6 2. c4 g6 3. Nc3 d5 4. Nf3 Bg7 5. Qb3 dxc4 6. Qxc4 O-O 7. Bf4 Na6 8. Rd1 c6 9. e4 Qa5 10. Qd3 Rd8 11. Qb1 Bg4 12. Be2 c5 13. d5 e6 14. d6 Nb4 15. O-O Nc6 16. Ne5 Bxe2 17. Nxc6 bxc6 18. Nxe2 Nd7 19. b3 c4 20. Nd4 Qb6 21. Nf3 cxb3 22. axb3 Rab8 23. Bg5 f6 24. Be3 c5 25. Qa2 Nf8 26. Nd2 Rxd6 27. b4 Qa6 28. Qxa6 Rxa6 29. bxc5 f5 30. Nc4 Rc8 31. e5 f4 32. Bd4 Nd7 33. Rc1 Rcc6 34. Nd6 Bxe5 35. Bxe5 Nxe5 36. Ne4 f3 37. Rfd1 Ra4 38. Nf6+ Kg7 39. Nd7 Nxd7 40. Rxd7+ Kf6 41. gxf3 1/2-1/2

[Event "Berga Open"]
[Site "Berga"]
[Date "1993.??.??"]
[Round "7"]
[White "Ionescu, Constantin"]
[Black "Spassov, Liuben D"]
[Result "0-1"]
[WhiteElo "2475"]
[BlackElo "2435"]
[PlyCount "184"]
[EventDate "1993.08.??"]
[Source "www.chesslib.no"]
[SourceDate "2004.05.04"]

1. d4 d5 2. c4 c6 3. Nf3 Nf6 4. Qc2 g6 5. Bf4 dxc4 6. Qxc4 Bg7 7. Nc3 O-O 8. e3 Qb6 9. Qb3 Be6 10. Qa3 Nbd7 11. Be2 Nd5 12. Bg5 f6 13. Bh4 Qb4 14. Qxb4 Nxb4 15. O-O Nb6 16. h3 Bc4 17. e4 Bxe2 18. Nxe2 g5 19. Bg3 Rfd8 20. a3 Na6 21. Rac1 h6 22. Bh2 e6 23. g4 Rac8 24. Rc2 c5 25. Rfc1 cxd4 26. Nfxd4 e5 27. Nb5 Rd1+ 28. Kg2 Rxc1 29. Rxc1 Rxc1 30. Nxc1 Nc5 31. Nxa7 Nc4 32. b4 Nxe4 33. Nb5 Bf8 34. Na2 Ned2 35. f3 Nb1 36. a4 Nb6 37. Bg1 Nxa4 38. Be3 Nb2 39. Nc7 Nd1 40. Bc5 Nbc3 41. Nc1 Bxc5 42. bxc5 Kf7 43. Nb3 Ne3+ 44. Kf2 Nc4 45. Na8 Nd5 46. Nb6 Ndxb6 47. cxb6 Kg6 48. Kg3 f5 49. Nc5 Nd6 50. Kf2 h5 51. Ke2 h4 52. gxf5+ Kxf5 53. Ke3 Nc4+ 54. Kf2 Nxb6 55. Nxb7 Nd5 56. Nd6+ Kg6 57. Kg2 Kf6 58. Ne4+ Kf5 59. Nd6+ Kf4 60. Ne4 Nc7 61. Nf6 Ke3 62. Ng4+ Kd4 63. Kh2 Nd5 64. Kg1 Nf4 65. Kh2 Kd5 66. Nf2 Kc4 67. Ne4 Kd4 68. Nxg5 Ke3 69. Nf7 Nd3 70. Nh8 Ne1 71. f4 Nf3+ 72. Kg2 Kxf4 73. Kf2 e4 74. Ng6+ Kf5 75. Ne7+ Kf6 76. Ke3 Ng5 77. Nd5+ Ke5 78. Nf4 Kf5 79. Ng2 Nf3 80. Nf4 Ne1 81. Ne2 Ke5 82. Ng1 Nc2+ 83. Kd2 Nd4 84. Ke3 Nf5+ 85. Kf2 Ng3 86. Ke1 Kd4 87. Kd2 e3+ 88. Kc2 Ke4 89. Kc3 Nf5 90. Ne2 Kf3 91. Kd3 Ng3 92. Nc3 Nh5 0-1

[Event "Gufeld Memorial"]
[Site "Burbank"]
[Date "2003.11.25"]
[Round "6"]
[White "Mikhalevski, Victor"]
[Black "Krechetov, Alexandr"]
[Result "1/2-1/2"]
[WhiteElo "2548"]
[BlackElo "2360"]
[PlyCount "95"]
[EventDate "2003.11.22"]
[Source "Roberto Alvarez"]
[SourceDate "2003.12.01"]

1. d4 Nf6 2. c4 c6 3. Nc3 d5 4. Nf3 g6 5. Qb3 Bg7 6. Bg5 Ne4 7. cxd5 Nxg5 8. Nxg5 e6 9. dxc6 Nxc6 10. Nf3 Nxd4 11. Nxd4 Qxd4 12. e3 Qc5 13. Bb5+ Kf8 14. O-O a6 15. Be2 b5 16. Bf3 Rb8 17. Rac1 Qe7 18. Rfd1 Be5 19. Ne4 Kg7 20. Rc5 Bf6 21. Qc2 Bb7 22. Nd6 Bd5 23. Bxd5 Qxd6 24. Bb3 Qb6 25. Rc6 Qa5 26. h4 h5 27. Bxe6 Rhd8 28. Bd5 Bxh4 29. Bxf7 Rxd1+ 30. Qxd1 Rd8 31. Qb1 Bxf2+ 32. Kxf2 Qd2+ 33. Kf3 Rd3 34. Qg1 Kxf7 35. Ke4 Qe2 36. Rc7+ Kf6 37. Rc6+ Kg7 38. Rc7+ Kh6 39. g4 g5 40. Qg3 hxg4 41. Rc6+ Kh5 42. Rc8 Rd7 43. Qh2+ Qxh2 44. Rh8+ Kg6 45. Rxh2 Re7+ 46. Kd4 Kf5 47. Rf2+ Kg6 48. Rg2 1/2-1/2

[Event "Vrnjacka Banja"]
[Site "Vrnjacka Banja YUG"]
[Date "1987.??.??"]
[Round "9"]
[White "Renet, Olivier"]
[Black "Rajkovic, Dusan"]
[Result "0-1"]
[WhiteElo "2455"]
[BlackElo "2450"]
[PlyCount "105"]
[EventDate "1987.04.??"]
[Source "www.chesslib.no"]
[SourceDate "2004.05.04"]

1. d4 Nf6 2. c4 g6 3. Nc3 d5 4. Nf3 Bg7 5. Qb3 dxc4 6. Qxc4 Nc6 7. e4 Bg4 8. d5 Bxf3 9. gxf3 Ne5 10. Qe2 c6 11. f4 Ned7 12. dxc6 bxc6 13. Bg2 e5 14. O-O exf4 15. Bxf4 O-O 16. Rad1 Qa5 17. Be3 Nb6 18. Rd6 Rac8 19. Rfd1 Rfe8 20. f4 Nh5 21. Bf3 Bf8 22. R6d3 Nc4 23. Bxh5 Nxe3 24. Rxe3 gxh5 25. Rg3+ Kh8 26. Rg5 Qc7 27. Rf5 Bg7 28. e5 f6 29. Rxh5 fxe5 30. Qe4 Bf6 31. Qf5 Qg7+ 32. Kh1 Rg8 33. Qh3 exf4 34. Ne4 Be7 35. Qf3 Rcd8 36. Rf1 Rd3 37. Qf2 Re3 38. Nc3 Bf6 39. Rg1 Qxg1+ 40. Qxg1 Rxg1+ 41. Kxg1 Bd4 42. Kf1 Kg7 43. Nd1 Re5 44. Rh3 Kg6 45. Rd3 c5 46. b4 h5 47. bxc5 Bxc5 48. Nf2 Be3 49. Kg2 Ra5 50. a3 Bc1 51. Nh3 Kf5 52. Kf3 Re5 53. a4 0-1

[Event "HUN-chT1 9697"]
[Site "Hungary"]
[Date "1996.??.??"]
[Round "6"]
[White "Petran, Pal"]
[Black "Tompa, Janos"]
[Result "1-0"]
[WhiteElo "2440"]
[BlackElo "2455"]
[PlyCount "97"]
[EventDate "1996.??.??"]
[Source "www.chesslib.no"]
[SourceDate "2004.05.04"]

1. d4 Nf6 2. c4 g6 3. Nc3 d5 4. Nf3 Bg7 5. Qb3 c6 6. cxd5 Nxd5 7. e4 Nb6 8. Be3 Be6 9. Qc2 Bc4 10. Be2 N8d7 11. Rd1 Qc7 12. O-O Bxe2 13. Nxe2 O-O 14. Rc1 Rac8 15. Rfd1 Qd8 16. Qb3 Nf6 17. Ng3 e6 18. a4 Qc7 19. h3 h6 20. Ne5 Nbd7 21. Nd3 Rfe8 22. Bf4 Qb6 23. Qc2 a5 24. Bd6 Bf8 25. Bxf8 Rxf8 26. Nc5 Nxc5 27. dxc5 Qb4 28. e5 Nd5 29. Ne4 b6 30. cxb6 Qxb6 31. Nd6 Rb8 32. Nc4 Qb4 33. Rd3 Nb6 34. b3 Nxc4 35. Qxc4 Qa3 36. Rcc3 Rfd8 37. Qe4 Rd5 38. Rg3 Kg7 39. Qf4 Qe7 40. Rxc6 Rb4 41. Rc4 Rxc4 42. bxc4 Rd1+ 43. Kh2 Ra1 44. c5 Rb1 45. Rc3 Rb4 46. Qd2 Rxa4 47. c6 Qc7 48. Qd6 Qb6 49. c7 1-0

[Event "Cheliabinsk (Russia)"]
[Site "?"]
[Date "2005.01.??"]
[Round "8"]
[White "Yashtylov Anatolij"]
[Black "Yandemirov Valeri"]
[Result "0-1"]
[WhiteElo "2414"]
[BlackElo "2481"]
[PlyCount "36"]
[EventDate "2005.??.??"]
[Source "www.chesslib.no"]
[SourceDate "2004.05.04"]

1. d4 Nf6 2. c4 g6 3. Nc3 d5 4. Nf3 Bg7 5. Qb3 dxc4 6. Qxc4 O-O 7. Bg5 Na6 8. Rd1 c6 9. e3 Qb6 10. Rd2 Be6 11. Qa4 Nb4 12. e4 Nxa2 13. Bd3 Nb4 14. Be2 Bb3 15. Qa3 Nc2+ 16. Rxc2 Bxc2 17. Nd2 Qxd4 18. Be3 Qd7 0-1

[Event "Bern zt"]
[Site "Bern"]
[Date "1990.??.??"]
[Round "4"]
[White "Soffer, Ram"]
[Black "Manor, Ilan"]
[Result "1-0"]
[WhiteElo "2440"]
[BlackElo "2450"]
[PlyCount "87"]
[EventDate "1990.01.??"]
[Source "ChessBase"]

1. c4 g6 2. d4 Nf6 3. Nc3 d5 4. Nf3 Bg7 5. Qb3 dxc4 6. Qxc4 O-O 7. Bf4 c6 8. Qb3 a5 9. e3 Na6 10. a3 Nd7 11. Be2 Qe8 12. Ne4 e5 13. Nd6 Qe7 14. Nxc8 Rfxc8 15. Bg5 Qd6 16. Rd1 exd4 17. Nxd4 Nac5 18. Qc2 Qe5 19. Bf4 Qe7 20. O-O a4 21. Bg4 Re8 22. b4 axb3 23. Nxb3 Be5 24. Bxe5 Nxe5 25. Nxc5 Nxg4 26. Rd4 Nf6 27. a4 Red8 28. Rfd1 Rd5 29. Rxd5 Nxd5 30. e4 Ra5 31. Nxb7 Nb4 32. Qc3 Ra8 33. Nc5 Na6 34. Nxa6 Rxa6 35. Qc4 Rb6 36. g3 c5 37. Qd5 Rb4 38. Qa8+ Kg7 39. Re1 c4 40. Qc6 Qa7 41. e5 Rxa4 42. Qf6+ Kh6 43. Re4 Ra1+ 44. Kg2 1-0

[Event "ch-Commonwealth"]
[Site "Mumbai"]
[Date "2004.01.15"]
[Round "6"]
[White "Sandipan, Chanda"]
[Black "Konguvel, Ponnuswamy"]
[Result "1-0"]
[WhiteElo "2522"]
[BlackElo "2366"]
[PlyCount "87"]
[EventDate "2004.01.10"]
[Source "Roberto Alvarez"]
[SourceDate "2004.01.19"]

1. d4 Nf6 2. c4 g6 3. Nc3 d5 4. Nf3 Bg7 5. Qb3 dxc4 6. Qxc4 O-O 7. Bf4 Na6 8. Rd1 c5 9. d5 e6 10. d6 Qa5 11. e4 Bd7 12. Nd2 b5 13. Nb3 Qb6 14. Nxb5 Nxe4 15. Nc3 Nxc3 16. bxc3 Nb8 17. Be3 Bc6 18. Bxc5 Qb7 19. f3 Nd7 20. Bd4 Bd5 21. Qb5 e5 22. Bf2 Bxf3 23. gxf3 Qxf3 24. Rg1 Qxc3+ 25. Nd2 e4 26. Rg3 e3 27. Rxe3 Rfe8 28. Rxe8+ Rxe8+ 29. Be2 Qh3 30. Rc1 Re5 31. Qb3 Qxh2 32. Rc7 Bh6 33. Nf1 Qf4 34. Bg3 Qe4 35. Bxe5 Nxe5 36. d7 Qh4+ 37. Qg3 Qb4+ 38. Qc3 Qb1+ 39. Kf2 Qf5+ 40. Qf3 Nxf3 41. d8=Q+ Kg7 42. Bxf3 Bg5 43. Qd5 Qf4 44. Rc4 1-0

[Event "Istanbul ol (Men)"]
[Site "Istanbul"]
[Date "2000.11.01"]
[Round "5"]
[White "Juswanto, Denny"]
[Black "Zugic, Igor"]
[Result "1-0"]
[WhiteElo "2483"]
[BlackElo "2399"]
[PlyCount "101"]
[EventDate "2000.10.??"]
[Source "www.chesslib.no"]
[SourceDate "2004.05.04"]

1. d4 Nf6 2. Nf3 g6 3. c4 Bg7 4. Nc3 d5 5. Qb3 dxc4 6. Qxc4 O-O 7. g3 Nfd7 8. Bg2 Nb6 9. Qd3 Nc6 10. Be3 Nb4 11. Qd1 Nc4 12. Qb3 Nxe3 13. fxe3 a5 14. Rd1 c6 15. Rd2 Be6 16. Qa3 Bh6 17. Kf2 b5 18. h4 Bf5 19. Qb3 Qd6 20. a3 Be6 21. Qd1 Nd5 22. Nxd5 Bxd5 23. Qc1 f6 24. h5 g5 25. Ne1 f5 26. Bxd5+ Qxd5 27. Nf3 g4 28. Nh4 e5 29. dxe5 Qxe5 30. Ng2 Bxe3+ 31. Nxe3 f4 32. Nxg4 fxg3+ 33. Kg2 Qf4 34. Kh3 Rae8 35. Rc2 g2 36. Rg1 Qxc1 37. Rgxc1 Rf1 38. Kxg2 Rxc1 39. Rxc1 Rxe2+ 40. Kf3 Rxb2 41. Rxc6 Rb3+ 42. Kf4 Rxa3 43. Rc7 b4 44. Nf6+ Kf8 45. Nxh7+ Ke8 46. Nf6+ Kd8 47. Rd7+ Kc8 48. h6 Rh3 49. h7 b3 50. Rd5 Rh4+ 51. Ke3 1-0

[Event "Match"]
[Site "Klaipeda (Lithuania)"]
[Date "1987.??.??"]
[Round "2"]
[White "Shirov, Alexei D"]
[Black "Kamsky, Gata"]
[Result "1/2-1/2"]
[WhiteElo "2495"]
[BlackElo "2380"]
[PlyCount "59"]
[EventDate "1987.??.??"]
[Source "www.chesslib.no"]
[SourceDate "2004.05.04"]

1. d4 Nf6 2. c4 g6 3. Nc3 d5 4. Nf3 Bg7 5. Qb3 dxc4 6. Qxc4 a6 7. Bf4 O-O 8. Bxc7 Qd7 9. Bb6 Qd6 10. Qc5 Qe6 11. Ng5 Qd7 12. e4 h6 13. e5 hxg5 14. exf6 Bxf6 15. O-O-O Qe8 16. Bc7 Bf5 17. Bd3 Nd7 18. Qb4 Qc8 19. Bg3 e5 20. Bxf5 gxf5 21. dxe5 Nxe5 22. Bxe5 Bxe5 23. Kb1 a5 24. Qe7 Bxc3 25. bxc3 Qxc3 26. Qxg5+ Kh8 27. Qh4+ Kg7 28. Rd6 Ra6 29. Qg5+ Kh8 30. Qh6+ 1/2-1/2

[Event "Montpellier"]
[Site "Montpellier FRA"]
[Date "1991.??.??"]
[Round "2"]
[White "Miralles, Gilles"]
[Black "Spiridonov, Nikola"]
[Result "1/2-1/2"]
[WhiteElo "2470"]
[BlackElo "2400"]
[PlyCount "150"]
[EventDate "1991.03.??"]
[Source "www.chesslib.no"]
[SourceDate "2004.05.04"]

1. d4 Nf6 2. c4 g6 3. Nc3 d5 4. Nf3 c6 5. Qb3 Bg7 6. Bg5 Ne4 7. cxd5 Nxg5 8. Nxg5 e6 9. dxc6 Nxc6 10. Nf3 Nxd4 11. Nxd4 Bxd4 12. O-O-O Qg5+ 13. e3 Bxc3 14. Bb5+ Kf8 15. Qxc3 e5 16. Rd5 Be6 17. Rxe5 Qf6 18. Rc5 Kg7 19. Qxf6+ Kxf6 20. b3 Rac8 21. Rxc8 Rxc8+ 22. Kd2 h6 23. Rc1 Rxc1 24. Kxc1 g5 25. f3 Bc8 26. Bc4 Ke7 27. Kd2 f6 28. Kc3 Kd6 29. Kd4 a5 30. e4 b6 31. g3 Bb7 32. f4 gxf4 33. gxf4 Bc8 34. a3 Bb7 35. e5+ fxe5+ 36. fxe5+ Ke7 37. Bd5 Bc8 38. Kc3 Bd7 39. Kc4 Be8 40. b4 axb4 41. Kxb4 Bd7 42. Bf3 Be8 43. Bg4 Bc6 44. Kc4 Kf7 45. Bc8 Ke7 46. Bf5 Kf7 47. Kd4 Bb7 48. Ke3 Ke7 49. Kf4 Bd5 50. Kg4 Bf7 51. Bc2 Be8 52. Kf5 Bf7 53. Bd1 Be8 54. h4 Bf7 55. Be2 Be8 56. Bc4 Bh5 57. Bg8 Kf8 58. Bd5 Ke7 59. Bc6 Bf7 60. Bb5 Bh5 61. e6 Bd1 62. Kg6 Kxe6 63. Kxh6 Kf6 64. Bd3 Bf3 65. Bg6 Bd5 66. Kh7 Bc4 67. h5 Bd5 68. h6 Bc4 69. Bc2 Kf7 70. Kh8 Kf8 71. Bg6 Bd5 72. Bd3 Kf7 73. Kh7 Bb3 74. Bg6+ Kf8 75. Bh5 Bc2+ 1/2-1/2

[Event "Belgrade TS04 GM"]
[Site "Belgrade"]
[Date "2002.04.27"]
[Round "8"]
[White "Stojanovic, Mihajlo"]
[Black "Vujacic, Borivoje"]
[Result "1/2-1/2"]
[WhiteElo "2453"]
[BlackElo "2417"]
[PlyCount "81"]
[EventDate "2002.04.20"]
[Source "ChessBase"]
[SourceDate "2002.07.08"]

1. d4 Nf6 2. c4 g6 3. Nc3 d5 4. Nf3 Bg7 5. Qb3 dxc4 6. Qxc4 O-O 7. Bf4 Na6 8. e3 c5 9. dxc5 Be6 10. Qd4 Nd7 11. Qd2 Ndxc5 12. Nd4 Qa5 13. Rd1 Rfd8 14. Be2 Bd7 15. Bg5 Nd3+ 16. Bxd3 Qxg5 17. O-O Bg4 18. f3 e5 19. Ne4 Qe7 20. Nc6 bxc6 21. fxg4 Nb4 22. Qe2 Nxd3 23. Rxd3 Qb4 24. Qd2 Qb6 25. b3 h6 26. Rd1 Rd5 27. Nc3 Rxd3 28. Qxd3 Bf6 29. Ne4 Be7 30. Kf2 Rd8 31. Qc2 Rd5 32. Nc3 Qc5 33. Rxd5 cxd5 34. Qd3 d4 35. exd4 exd4 36. Ne4 Qe5 37. g3 Bb4 38. a4 Kg7 39. Kf3 f5 40. gxf5 gxf5 41. Nf2 1/2-1/2

[Event "Memorial Zudov (cat.9)"]
[Site "Nizhnij Tagil (Russia)"]
[Date "2007.07.13"]
[Round "7"]
[White "Temirbaev Serik (KAZ)"]
[Black "Ogloblin Nikolay (RUS)"]
[Result "1-0"]
[WhiteElo "2484"]
[BlackElo "2382"]
[PlyCount "149"]
[EventDate "2007.??.??"]
[Source "www.chesslib.no"]
[SourceDate "2004.05.04"]

1. d4 Nf6 2. c4 g6 3. Nc3 d5 4. Nf3 Bg7 5. Qb3 dxc4 6. Qxc4 a6 7. e4 b5 8. Qb3 c5 9. e5 Ng4 10. h3 cxd4 11. Nxb5 Nxe5 12. Nbxd4 O-O 13. Be2 Nbc6 14. Nxc6 Nxc6 15. O-O Rb8 16. Qa4 Nb4 17. Bf4 Bd7 18. Qd1 Ra8 19. Be5 Bc6 20. Bxg7 Kxg7 21. a3 Nd5 22. Ne5 Bb7 23. Bf3 e6 24. Rc1 Qd6 25. Qd4 f6 26. Nc4 Qe7 27. Nb6 Rad8 28. Bxd5 Bxd5 29. Qe3 e5 30. Nxd5 Rxd5 31. Rc6 a5 32. Rfc1 Rf7 33. Qb6 Qa7 34. Qxa7 Rxa7 35. Rc7+ Rxc7 36. Rxc7+ Kh6 37. Rb7 f5 38. g3 Rc5 39. a4 e4 40. Kf1 Rc1+ 41. Ke2 Rc2+ 42. Ke3 Kg5 43. Rb6 h5 44. h4+ Kh6 45. Rb5 Kg7 46. f3 exf3 47. Kxf3 Kf6 48. b3 Rb2 49. Kf4 Rf2+ 50. Ke3 Rc2 51. Kd4 Rg2 52. Rxa5 Rxg3 53. Ra6+ Kg7 54. Rb6 Rg4+ 55. Ke3 Rxh4 56. a5 Re4+ 57. Kf3 Re8 58. a6 h4 59. a7 Ra8 60. Ra6 g5 61. b4 h3 62. b5 g4+ 63. Kg3 f4+ 64. Kxg4 h2 65. Ra1 h1=Q 66. Rxh1 Rxa7 67. Kxf4 Ra2 68. Ke4 Rb2 69. Rh5 Kf7 70. Kd4 Ke7 71. Kc5 Kd8 72. Kb6 Kc8 73. Rh8+ Kd7 74. Ka6 Ra2+ 75. Kb7 1-0

[Event "Baku"]
[Site "Baku"]
[Date "1997.??.??"]
[Round "8"]
[White "Guseinov, Aidyn"]
[Black "Sideif Sade, Fikret I"]
[Result "1-0"]
[WhiteElo "2430"]
[BlackElo "2435"]
[PlyCount "79"]
[EventDate "1997.??.??"]
[Source "www.chesslib.no"]
[SourceDate "2004.05.04"]

1. d4 Nf6 2. c4 g6 3. Nc3 d5 4. Nf3 Bg7 5. Qb3 c6 6. cxd5 cxd5 7. Bg5 e6 8. e3 O-O 9. Bd3 Nc6 10. O-O h6 11. Bh4 g5 12. Bg3 Nh5 13. Rad1 Nxg3 14. hxg3 f5 15. Bb1 b6 16. Rfe1 Rf7 17. a3 g4 18. Nh4 Na5 19. Qc2 Bb7 20. Ng6 Rc8 21. Nf4 Qe8 22. f3 gxf3 23. gxf3 Bf8 24. Rd2 Nc4 25. Rg2 e5 26. dxe5 Nxe5 27. Qd1 d4 28. Ncd5 dxe3 29. b4 Nc4 30. g4 Qe5 31. gxf5+ Rg7 32. Ree2 Rd8 33. f6 Rg5 34. Qc2 Rd7 35. Qxc4 Rxd5 36. Qc2 Kf7 37. Nxd5 Bxd5 38. Rxg5 hxg5 39. Qg6+ Ke6 40. Qe8+ 1-0

[Event "Alushta2"]
[Site "Alushta"]
[Date "2000.10.15"]
[Round "1"]
[White "Kalygin, Sergey V"]
[Black "Gasanov, Eldar"]
[Result "1/2-1/2"]
[WhiteElo "2472"]
[BlackElo "2389"]
[PlyCount "150"]
[EventDate "2000.10.15"]
[Source "www.chesslib.no"]
[SourceDate "2004.05.04"]

1. d4 Nf6 2. Nf3 g6 3. c4 Bg7 4. Nc3 d5 5. Qb3 dxc4 6. Qxc4 O-O 7. g3 Bg4 8. Bg2 Nfd7 9. O-O Nc6 10. d5 Bxf3 11. exf3 Nd4 12. f4 a6 13. Rd1 Nb6 14. Qf1 Qd7 15. Rb1 Nb5 16. Bd2 Rfd8 17. Rbc1 Nxc3 18. Bxc3 Bxc3 19. bxc3 Qd6 20. c4 Nd7 21. Re1 Nc5 22. Re3 Re8 23. Qe2 Qf6 24. h4 Kf8 25. h5 Rad8 26. Re1 b6 27. hxg6 hxg6 28. Bh3 Rd6 29. Re5 c6 30. Bg2 cxd5 31. cxd5 Rd7 32. Bh3 Rd6 33. Qe3 Red8 34. Qf3 Re8 35. g4 Qh4 36. R5e3 Rf6 37. Bg2 g5 38. f5 Rh6 39. Kf1 Nd7 40. Qe2 f6 41. Rh3 Qxh3 42. Bxh3 Rxh3 43. Qe6 Rh1+ 44. Ke2 Rxe1+ 45. Kxe1 Rd8 46. d6 exd6 47. Qxd6+ Ke8 48. Qc6 Ke7 49. Kf1 Re8 50. Qe4+ Kf8 51. Qb7 Ke7 52. Qxa6 Kd6 53. Qd3+ Kc7 54. Qc4+ Kd6 55. f4 gxf4 56. Qxf4+ Kc6 57. g5 fxg5 58. Qxg5 Rf8 59. Ke2 Kd6 60. Ke3 Re8+ 61. Kd4 Rf8 62. Qf4+ Ke7 63. Kc4 Rf6 64. Kb5 Kd8 65. Ka6 Nc5+ 66. Ka7 Nd7 67. a4 Kc8 68. Qc4+ Kd8 69. Qd5 Kc7 70. Ka6 Nc5+ 71. Kb5 Nd7 72. Qe4 Kd6 73. Kc4 Kc7 74. Kd4 Kd6 75. Ke3 Rf8 1/2-1/2

[Event "Budapest FS02 GM"]
[Site "Budapest"]
[Date "1998.02.14"]
[Round "8"]
[White "Czebe, Attila"]
[Black "Hodjko, Vjaceslav"]
[Result "0-1"]
[WhiteElo "2475"]
[BlackElo "2380"]
[PlyCount "118"]
[EventDate "1998.02.??"]
[Source "ChessBase"]
[SourceDate "1998.04.29"]

1. d4 Nf6 2. Nf3 g6 3. c4 Bg7 4. Nc3 d5 5. Qb3 dxc4 6. Qxc4 Nfd7 7. e4 Nb6 8. Qd3 Bg4 9. Be3 Nc6 10. d5 Bxf3 11. gxf3 Ne5 12. Qe2 c6 13. Rd1 Qc7 14. f4 Nec4 15. Bd4 O-O 16. Bxg7 Kxg7 17. b3 Nd6 18. Qb2 Kg8 19. Rc1 Qd7 20. dxc6 bxc6 21. Qe2 Rfd8 22. Bg2 Nb5 23. O-O Nd4 24. Qe3 c5 25. Rfd1 Qg4 26. Kh1 a5 27. e5 Rab8 28. Qg3 Qh5 29. Qg5 Qxg5 30. fxg5 Ne6 31. h4 c4 32. bxc4 Nxc4 33. Nd5 Nxe5 34. Nxe7+ Kf8 35. Nd5 Rb2 36. f4 Ng4 37. Rf1 Rxg2 38. Kxg2 Rxd5 39. Rce1 Rd2+ 40. Kg3 h5 41. f5 gxf5 42. Rxf5 Nd4 43. Rxa5 Rf2 44. g6 fxg6 45. Re4 Nf5+ 46. Rxf5+ Rxf5 47. Rf4 Nh6 48. a4 Ke7 49. Rb4 Ra5 50. Kf4 Nf7 51. Ke3 Nd6 52. Kf4 Ke6 53. Kf3 Nf5 54. Rb6+ Ke7 55. Rb4 Rd5 56. Re4+ Kf6 57. Rb4 Rd4 58. Rxd4 Nxd4+ 59. Ke4 Nb3 0-1

[Event "National Open"]
[Site "Las Vegas, NV USA"]
[Date "1995.??.??"]
[Round "2"]
[White "Dlugy, Maxim"]
[Black "Perez, Rodney"]
[Result "1-0"]
[WhiteElo "2545"]
[BlackElo "2305"]
[PlyCount "41"]
[EventDate "1995.??.??"]
[Source "www.chesslib.no"]
[SourceDate "2004.05.04"]

1. d4 Nf6 2. c4 g6 3. Nc3 d5 4. Nf3 Bg7 5. Qb3 c6 6. cxd5 cxd5 7. Bg5 e6 8. e3 O-O 9. Bd3 Nc6 10. O-O b6 11. Rac1 Bb7 12. Ne5 Rc8 13. Qa4 a5 14. Qb3 Nb4 15. Bb5 h6 16. Bxf6 Bxf6 17. Nd7 Re8 18. Nxf6+ Qxf6 19. Bxe8 Rxe8 20. a3 Nd3 21. Qb5 1-0

[Event "Haringey"]
[Site "London"]
[Date "1989.??.??"]
[Round "?"]
[White "Rajkovic, Dusan"]
[Black "Pein, Malcolm"]
[Result "1/2-1/2"]
[WhiteElo "2465"]
[BlackElo "2385"]
[PlyCount "45"]
[EventDate "1989.07.??"]
[Source "ChessBase"]

1. Nf3 g6 2. d4 Nf6 3. c4 Bg7 4. Nc3 d5 5. Qb3 dxc4 6. Qxc4 O-O 7. Bf4 Ne8 8. e3 Nd6 9. Qa4 Nd7 10. Be2 c5 11. O-O cxd4 12. exd4 Nb6 13. Qb3 Bg4 14. Rfd1 Nf5 15. Be5 Bxf3 16. Bxf3 Bxe5 17. dxe5 Nd4 18. Qb4 Nxf3+ 19. gxf3 Qc7 20. Qe4 Rfd8 21. f4 Rac8 22. Kg2 a6 23. h3 1/2-1/2

[Event "Pinamar tt"]
[Site "Pinamar ARG"]
[Date "1975.??.??"]
[Round "3"]
[White "Emma, Jaime"]
[Black "Rubinetti, Jorge A"]
[Result "1-0"]
[WhiteElo "2405"]
[BlackElo "2440"]
[PlyCount "69"]
[EventDate "1975.??.??"]
[Source "www.chesslib.no"]
[SourceDate "2004.05.04"]

1. d4 Nf6 2. c4 g6 3. Nc3 d5 4. Nf3 Bg7 5. Qb3 dxc4 6. Qxc4 c6 7. Qb3 Qb6 8. e4 O-O 9. Bc4 Qxb3 10. Bxb3 Nfd7 11. Be3 e5 12. Nxe5 Nxe5 13. dxe5 Bxe5 14. f4 Bxc3+ 15. bxc3 Re8 16. O-O-O Nd7 17. e5 Nb6 18. Bxb6 axb6 19. Rd6 b5 20. Rhd1 Bg4 21. R1d2 Re7 22. h3 Be6 23. Kb2 Bxb3 24. axb3 h5 25. h4 Kg7 26. g3 Rf8 27. Rf6 Rc8 28. Ka3 Ra8+ 29. Kb4 Ra1 30. Kc5 Ra3 31. Rd8 Ra7 32. b4 b6+ 33. Kxb6 Reb7+ 34. Kc5 Ra3 35. Rd3 1-0

[Event "Novy Smokovec"]
[Site "Novy Smokovec"]
[Date "1992.??.??"]
[Round "?"]
[White "Priehoda, Vitezslav"]
[Black "Gazik, Igor"]
[Result "1-0"]
[WhiteElo "2420"]
[BlackElo "2425"]
[PlyCount "69"]
[EventDate "1992.??.??"]
[Source "ChessBase"]

1. d4 Nf6 2. c4 c6 3. Nc3 d5 4. Nf3 g6 5. Qb3 Bg7 6. cxd5 cxd5 7. Bg5 Nc6 8. e3 e6 9. Bb5 O-O 10. Bxc6 bxc6 11. O-O h6 12. Bxf6 Bxf6 13. Na4 Ba6 14. Rfc1 Qd6 15. Nc5 Be2 16. Ne5 Bxe5 17. dxe5 Qe7 18. Qc2 Bb5 19. Qc3 a5 20. b3 a4 21. bxa4 Bxa4 22. Qd4 Bb5 23. a4 Be2 24. Rc2 Bc4 25. Rb2 Rfb8 26. Rxb8+ Rxb8 27. h3 Ra8 28. Rb1 Ra5 29. Rb8+ Kh7 30. Rb7 Qxc5 31. Qf4 Qf8 32. Rxf7+ Qxf7 33. Qxf7+ Kh8 34. Qe8+ Kh7 35. Qe7+ 1-0